| 000 | 00829nam a2200229Ia 4500 | ||
|---|---|---|---|
| 003 | GCL | ||
| 008 | 140319s9999 xx 000 0 ara d | ||
| 020 | _a0666033977 | ||
| 040 |
_aGCL / _cGCL |
||
| 082 | 0 | 4 |
_a631.8 _bف ا |
| 100 | 1 | _aفتحى اسماعيل حوقه | |
| 245 | 1 | 0 |
_aالاسمدة الحيوية ودورها فى حماية البيئة وسلامة الغذاء / _cفتحى اسماعيل حوقه |
| 700 | 1 | _aتوفيق سعد شادى | |
| 260 |
_aالقاهرة : _bالمكتبة العصرية للنشر والتوزيع ، _c2004 |
||
| 300 |
_a213 ص ؛ _c28 سم |
||
| 650 | 0 | 4 | _aالاسمدة |
| 650 | 0 | 4 | _aالكيمياء الزراعية |
| 650 | 0 | 4 | _aالتربة - خصوبة |
| 650 | 0 | 4 | _aالاسمدة الحيوية |
| 650 | 0 | 4 | _aالتربة، التسميد |
| 942 |
_2ddc _cBK |
||
| 999 |
_c57023 _d57023 |
||